[Event "Sueca op 7th"]
[Site "Sueca"]
[Date "2023.08.12"]
[Round "8"]
[White "Gavarrete, Nahun"]
[Black "Juan Lepp, Jaime Boris"]
[Result "1-0"]
[WhiteElo "2232"]
[BlackElo "1915"]
[PlyCount "63"]
[EventDate "2023.08.07"]
[EventType "swiss"]
[EventRounds "9"]
[EventCountry "ESP"]
[SourceTitle "CBM 215 Extra"]
[Source "ChessBase"]
[SourceDate "2023.09.30"]
[SourceVersion "1"]
[SourceVersionDate "2023.09.30"]
[SourceQuality "1"]

1. c4 e5 2. Nc3 Nf6 3. Nf3 Nc6 4. g3 Nd4 5. Bg2 Nxf3+ 6. Bxf3 d6 7. d4 Be7 8. 0-0 0-0 9. b3 c6 10. Bb2 Qc7 11. Rc1 Bh3 12. Re1 Nd7 13. d5 c5 14. e4 Bg5 15. Rc2 Bh6 16. g4 Nf6 17. Kh1 Bf4 18. Rg1 g5 19. Ne2 Kh8 20. Nxf4 gxf4 21. Rc3 Rg8 22. g5 Ne8 23. Bh5 Bc8 24. Rf3 Ng7 25. Bg4 Qe7 26. Rh3 f5 27. g6 Rf8 28. Rxh7+ Kg8 29. exf5 Bxf5 30. Bxf5 Rxf5 31. Qg4 Qf6 32. Qh3 1-0

[Event "ESP-ch U14"]
[Site "Salobrena"]
[Date "2023.07.17"]
[Round "1"]
[White "Juan Lepp, Jaime Boris"]
[Black "Prochaieva, Yelyzaveta"]
[Result "0-1"]
[WhiteElo "1984"]
[BlackElo "1483"]
[PlyCount "86"]
[EventDate "2023.07.17"]
[EventType "swiss"]
[EventRounds "9"]
[EventCountry "ESP"]
[SourceTitle "EXT 2024"]
[Source "ChessBase"]
[SourceDate "2023.10.10"]
[SourceVersion "1"]
[SourceVersionDate "2023.10.10"]
[SourceQuality "1"]

1. e4 c5 2. d4 cxd4 3. c3 d3 4. Qxd3 d6 5. Na3 Nd7 6. Bg5 a6 7. Nc4 Qc7 8. Nf3 b5 9. Ne3 e6 10. Nd4 Bb7 11. f3 g6 12. Be2 Bg7 13. 0-0 Ngf6 14. Qd2 Nc5 15. Bh4 Qd8 16. c4 Nfxe4 17. fxe4 Qxh4 18. Nf3 Qxe4 19. Nd1 bxc4 20. Qxd6 Nd3 21. Bxd3 Qxd3 22. Qc7 Qd5 23. Ne3 Qc6 24. Qf4 0-0 25. Nxc4 Qc5+ 26. Kh1 Rad8 27. Rac1 Qb4 28. a3 Qa4 29. Ng5 Rd4 30. Qc7 Bxg2+ 31. Kxg2 Rg4+ 32. Kh1 Rxg5 33. Rf4 Qb5 34. Rd1 Bxb2 35. a4 Qb8 36. Rxf7 Qxc7 37. Rxc7 Bd4 38. h4 Rg4 39. Rd2 Rf1+ 40. Kh2 Rf3 41. Rc8+ Kg7 42. h5 Bg1+ 43. Kh1 Rh3+ 0-1

[Event "ESP-ch U14"]
[Site "Salobrena"]
[Date "2022.07.20"]
[Round "4"]
[White "Salinas Tomas, Daniel"]
[Black "Juan Lepp, Jaime Boris"]
[Result "1-0"]
[WhiteElo "2185"]
[BlackElo "1921"]
[PlyCount "47"]
[EventDate "2022.07.18"]
[EventType "swiss"]
[EventRounds "9"]
[EventCountry "ESP"]
[SourceTitle "EXT 2023"]
[Source "ChessBase"]
[SourceDate "2022.10.05"]
[SourceVersion "1"]
[SourceVersionDate "2022.10.05"]
[SourceQuality "1"]

1. d4 f5 2. Bg5 h6 3. Bh4 g5 4. e3 Nf6 5. Bg3 Bg7 6. h4 g4 7. h5 e6 8. Nc3 0-0 9. Nge2 Nc6 10. Nf4 Ne7 11. Bd3 b6 12. Qe2 Bb7 13. 0-0-0 Re8 14. f3 Qc8 15. Bh4 gxf3 16. gxf3 Nfd5 17. Ncxd5 Nxd5 18. Nxd5 Bxd5 19. Rhg1 Rf8 20. Rxg7+ Kxg7 21. Qg2+ Kh8 22. Qg6 Bxf3 23. Qxh6+ Kg8 24. Rg1+ 1-0

[Event "ESP-ch U14"]
[Site "Salobrena"]
[Date "2022.07.18"]
[Round "2"]
[White "Bergaretxe Gavalda, Unai"]
[Black "Juan Lepp, Jaime Boris"]
[Result "0-1"]
[WhiteElo "1660"]
[BlackElo "1921"]
[PlyCount "73"]
[EventDate "2022.07.18"]
[EventType "swiss"]
[EventRounds "9"]
[EventCountry "ESP"]
[SourceTitle "EXT 2023"]
[Source "ChessBase"]
[SourceDate "2022.10.05"]
[SourceVersion "1"]
[SourceVersionDate "2022.10.05"]
[SourceQuality "1"]

1. d4 f5 2. c4 e6 3. Nc3 Bb4 4. g3 Nf6 5. Bg2 Bxc3+ 6. bxc3 0-0 7. Nf3 Ne4 8. Qd3 b6 9. Nd2 d5 10. cxd5 exd5 11. Nxe4 fxe4 12. Qc2 Nc6 13. 0-0 Bf5 14. Qa4 Na5 15. f3 exf3 16. exf3 Qf6 17. Bf4 c6 18. Rae1 Bd3 19. Rf2 Rae8 20. Be5 Qg6 21. Bf1 Bxf1 22. Rexf1 c5 23. Qd7 Qf7 24. Qxf7+ Rxf7 25. Re2 Nc6 26. Kf2 Rfe7 27. f4 cxd4 28. cxd4 Nxd4 29. Rd2 Nc6 30. Bd6 Re6 31. Rxd5 Re2+ 32. Kg1 Rxa2 33. Rc1 Ree2 34. Rf5 h6 35. Rf8+ Kh7 36. Rd1 Nd4 37. Re1 0-1

[Event "Llinars del Valles op"]
[Site "Llinars del Valles"]
[Date "2022.07.01"]
[Round "7"]
[White "Munoz Pantoja, Miguel Angel"]
[Black "Juan Lepp, Jaime Boris"]
[Result "1-0"]
[WhiteElo "2412"]
[BlackElo "1921"]
[PlyCount "97"]
[EventDate "2022.06.25"]
[EventType "swiss"]
[EventRounds "9"]
[EventCountry "ESP"]
[SourceTitle "CBM 209 Extra"]
[Source "ChessBase"]
[SourceDate "2022.09.30"]
[SourceVersion "1"]
[SourceVersionDate "2022.09.30"]
[SourceQuality "1"]

1. e4 e5 2. d4 exd4 3. Qxd4 Nc6 4. Qe3 Nf6 5. Bd2 Be7 6. c4 0-0 7. Nc3 d6 8. 0-0-0 Ng4 9. Qe1 Be6 10. f4 f5 11. h3 Nf6 12. exf5 Bxf5 13. g4 Bg6 14. Nf3 Re8 15. f5 Bf7 16. Ng5 Ne5 17. Nxf7 Nxf7 18. g5 Nd7 19. Qg3 Bxg5 20. Rg1 Bxd2+ 21. Rxd2 Qf6 22. Rdg2 Qh6+ 23. Kc2 Kh8 24. Nd5 Rac8 25. Qxg7+ Qxg7 26. Rxg7 Rg8 27. Rxf7 Rxg1 28. Rxd7 Rg7 29. Ne7 Re8 30. f6 Rf7 31. Bd3 Rxf6 32. Nf5 Ref8 33. Rxc7 Rxf5 34. Bxf5 Rxf5 35. Rxb7 a5 36. Rb3 Kg7 37. Rd3 Rc5 38. Kc3 Rc6 39. Rd5 Ra6 40. b3 Kf6 41. Kb2 Ke6 42. Ka3 a4 43. b4 Rc6 44. Rd4 Ra6 45. b5 Ra7 46. Kb4 Ke5 47. Rd5+ Ke6 48. b6 Rb7 49. Kb5 1-0

[Event "Palma de Mallorca op"]
[Site "Palma de Mallorca"]
[Date "2021.11.27"]
[Round "6"]
[White "Juan Lepp, Jaime Boris"]
[Black "Maalla, Abdessadek"]
[Result "1/2-1/2"]
[WhiteElo "1928"]
[BlackElo "2094"]
[PlyCount "56"]
[EventDate "2021.11.22"]
[EventType "swiss"]
[EventRounds "7"]
[EventCountry "ESP"]
[SourceTitle "CBM 205 Extra"]
[Source "ChessBase"]
[SourceDate "2022.01.31"]
[SourceVersion "1"]
[SourceVersionDate "2022.01.31"]
[SourceQuality "1"]

1. e4 c5 2. d4 cxd4 3. c3 d5 4. exd5 Qxd5 5. cxd4 e6 6. Nc3 Bb4 7. Nf3 Nf6 8. Bd2 Qd8 9. Bd3 Nc6 10. 0-0 0-0 11. Bg5 Be7 12. Rc1 h6 13. Bf4 Nb4 14. Bb1 b6 15. a3 Nbd5 16. Nxd5 Nxd5 17. Qd3 f5 18. Bd2 Bd6 19. Ne5 Bb7 20. Qg3 Rf6 21. Rfe1 Qe8 22. Ba2 Rd8 23. f3 Bb8 24. Qh4 Ne7 25. Nd3 Nd5 26. Ne5 Ne7 27. Nd3 Nd5 28. Ne5 Ne7 1/2-1/2

[Event "Merida World Heritage op 1st"]
[Site "Merida"]
[Date "2021.08.04"]
[Round "1"]
[White "Juan Lepp, Jaime Boris"]
[Black "Moreno Tejera, Emilio"]
[Result "1/2-1/2"]
[WhiteElo "1814"]
[BlackElo "2442"]
[PlyCount "144"]
[EventDate "2021.08.04"]
[EventType "swiss"]
[EventRounds "9"]
[EventCountry "ESP"]
[SourceTitle "CBM 203 Extra"]
[Source "ChessBase"]
[SourceDate "2021.09.30"]
[SourceVersion "1"]
[SourceVersionDate "2021.09.30"]
[SourceQuality "1"]

1. e4 c5 2. d4 e6 3. d5 exd5 4. exd5 d6 5. Nf3 Nf6 6. Nc3 Be7 7. Be2 0-0 8. 0-0 Re8 9. Nd2 Nbd7 10. Nc4 Nb6 11. Bf4 Bf8 12. Ne3 g6 13. a4 Ne4 14. a5 Nxc3 15. bxc3 Nd7 16. Qd2 Nf6 17. Bb5 Bd7 18. Bxd7 Qxd7 19. Qd3 Nh5 20. Bg5 h6 21. Bh4 Bg7 22. Rfe1 Kh7 23. Rab1 Rab8 24. Nc4 f5 25. f3 Nf4 26. Qd2 Nh5 27. Re6 Rxe6 28. dxe6 Qxe6 29. Qxd6 Qxd6 30. Nxd6 Bxc3 31. Rxb7+ Rxb7 32. Nxb7 Nf4 33. Kf1 Ne6 34. Bf2 a6 35. Bxc5 Bxa5 36. Nxa5 Nxc5 37. Ke2 Kg7 38. Ke3 Kf6 39. Kd4 Ne6+ 40. Kc4 Ke5 41. Nc6+ Kd6 42. Nb4 Nc7 43. Nd3 g5 44. Kd4 Ne6+ 45. Kc4 Nc7 46. Kd4 Ne6+ 47. Kc4 f4 48. Kb4 Kd5 49. Kc3 a5 50. Nf2 Nd4 51. Ng4 Nf5 52. Kd3 a4 53. Kc3 Ne3 54. Nxh6 Nxg2 55. Nf7 g4 56. Ng5 Ne3 57. fxg4 Nxg4 58. h4 Ne3 59. Kb4 Nxc2+ 60. Kxa4 Nd4 61. Kb4 Ne6 62. Nxe6 Kxe6 63. Kc3 Kf5 64. Kd3 Kg4 65. Ke2 Kxh4 66. Kf3 Kg5 67. Kf2 Kg4 68. Kg2 f3+ 69. Kf2 Kf4 70. Kf1 Kg3 71. Kg1 f2+ 72. Kf1 Kf3 1/2-1/2

[Event "ESP-ch U12"]
[Site "Salobrena"]
[Date "2021.07.09"]
[Round "7"]
[White "Juan Lepp, Jaime Boris"]
[Black "Rodriguez Canovas, Elena"]
[Result "1-0"]
[WhiteElo "1810"]
[BlackElo "1506"]
[PlyCount "141"]
[EventDate "2021.07.05"]
[EventType "swiss"]
[EventRounds "9"]
[EventCountry "ESP"]
[SourceTitle "EXT 2022"]
[Source "ChessBase"]
[SourceDate "2021.10.06"]
[SourceVersion "1"]
[SourceVersionDate "2021.10.06"]
[SourceQuality "1"]

1. e4 c5 2. d4 cxd4 3. c3 dxc3 4. Nxc3 e6 5. Nf3 a6 6. Bc4 b5 7. Bb3 Ne7 8. 0-0 Ng6 9. Bg5 Be7 10. Bxe7 Qxe7 11. Nd4 0-0 12. f4 Bb7 13. f5 exf5 14. Nxf5 Qc5+ 15. Kh1 Qe5 16. Nd6 Nf4 17. Nxb7 Ne6 18. Nd6 Ra7 19. Rf5 Qd4 20. Qxd4 Nxd4 21. Bxf7+ Kh8 22. Rff1 Nbc6 23. Bd5 Rxf1+ 24. Rxf1 h6 25. Nf5 Rc7 26. a3 Kh7 27. Nxd4 Nxd4 28. g3 d6 29. Rf7 Rxf7 30. Bxf7 g5 31. Kg2 Kg7 32. Bd5 Kf6 33. Bb7 a5 34. Ba6 b4 35. axb4 axb4 36. Nd5+ Ke5 37. Nxb4 Kxe4 38. Kf2 Nb3 39. Nc2 Nc5 40. Bb5 Nb3 41. Ke2 d5 42. Bc6 Ke5 43. Kd3 d4 44. Ne1 Kd6 45. Bg2 Kc5 46. Nf3 Nc1+ 47. Ke4 Nb3 48. g4 Kc4 49. Bf1+ Kc5 50. Bd3 Kb4 51. Nxd4 Nc5+ 52. Ke3 Nd7 53. Nf5 Kb3 54. Nxh6 Kxb2 55. Nf7 Nf6 56. Bf5 Kc3 57. Nxg5 Kc4 58. h4 Kd5 59. h5 Kd6 60. Ne4+ Ke5 61. Nxf6 Kxf6 62. Kf4 Kg7 63. g5 Kf7 64. g6+ Kf6 65. h6 Ke7 66. h7 Kf6 67. h8Q+ Ke7 68. Qe5+ Kd8 69. Qd6+ Ke8 70. Qd7+ Kf8 71. Qf7# 1-0